000 00805nab a2200253 4500
003 BR-BrBNA
005 20251031233001.0
008 251031b bl.||||| |||| 00| 0 por d
040 _aBR-BrBNA
_bpor
072 _aF01 ; F30 ; E70
_b0120
100 _aCosta, Diego
245 _aMilho novo na lavoura
_bAgrotecnologia
500 _a2 illus.
650 _aMILHO
650 _aPESQUISA AGRÍCOLA
650 _aBIOTECNOLOGIA
650 _aTRANSGENIA
650 _aVARIEDADE RESISTENTE
650 _aPRODUTIVIDADE
650 _aCOMERCIALIZAÇÃO
773 0 _01706
_9347999
_dSão Paulo-SP Editora Três Ltda - E-mail: luizfsa@revistadinheiro.com.br 2004
_o2025-0494
_tDinheiro Rural (Brazil)
_x1807-3700
_gv. 8(90) p. 44-45; (Apr 2012)
_wBR2025004632
942 _cANA
999 _c338921
_d338921